000 01137nam a2200241 i 4500
001 152865
003 ES-MaACL
005 20251217063019.0
008 931025s1891 sp |||| | spa d
040 _aPAB
_bspa
_cPAB
100 1 _aBurgos, Javier de,
_d1842-1902
_9139909
245 1 3 _aLa tragedia en el mesón o Los dos contrabandistas
_b: sainete lírico en un acto dividido en tres cuadros, en verso /
_coriginal de Javier de Burgos ; música del maestro Nieto.
260 _aMadrid :
_b[Arregui y Aruej, Editores],
_c1891 (
_fR. Velasco, impresor)
300 _a46 p. ;
_c20 cm.
490 1 _aBiblioteca lírico-dramática y teatro cómico
500 _aSolo el texto.
594 _aEn port.: Consta que fue estrenado en el Teatro de Apolo, el día 16 de diciembre de 1891.
596 _aEditor tomado de la cub.
700 1 _aNieto, Manuel,
_d1844-1915
_9130485
830 0 0 _aBiblioteca lirico-dramática y teatro cómico
_9188056
852 _aES-MaACL
_jD-692(6)
_z-- Enc. hol.
_z-- Legado M. de la Fuente
_z-- Dedic. ms. del autor a Julián Romea
_z-- Enc. en un vol. facticio
999 _c152865
_d152865